[Event "4NCL/Div2/GUI3 vs. WRO"]
[Site "Wokefield Park ENG"]
[Date "2007.05.07"]
[Round "11.1"]
[White "Povah, Nigel E"]
[Black "Teplitsky, Jan"]
[Result "0-1"]
[WhiteElo "2360"]
[BlackElo "2448"]
[PlyCount "109"]
[EventDate "2007.05.07"]
[EventType "team"]
[EventRounds "11"]
[EventCountry "ENG"]

1. d4 e6 2. Nf3 d5 3. c4 Nf6 4. Nc3 dxc4 5. e4 Bb4 6. Bg5 c5 7. e5 h6 8. exf6
hxg5 9. fxg7 Rg8 10. Bxc4 g4 11. Ne5 Qxd4 12. Bb5+ Ke7 13. Nxg4 Qxg7 14. Ne3
Bxc3+ 15. bxc3 Qxc3+ 16. Kf1 Rd8 17. Qc1 Qxc1+ 18. Rxc1 b6 19. h4 Bb7 20. Ke2
Nc6 21. Bxc6 Bxc6 22. h5 Bb5+ 23. Ke1 f5 24. f4 Rd4 25. Rh4 Rad8 26. Rc2 Kf7
27. h6 Rh8 28. g3 Rd3 29. Kf2 Kg6 30. g4 Rxh6 31. gxf5+ exf5 32. Rxh6+ Kxh6 33.
Nxf5+ Kg6 34. Ne3 Ra3 35. Kf3 Bc6+ 36. Kf2 Be4 37. Rd2 Bd3 38. Kf3 c4 39. Rg2+
Kf7 40. Kg4 c3 41. Kg5 Bb1 42. Nc4 Rxa2 43. Rg1 Bh7 44. Re1 Rg2+ 45. Kh6 Rh2+
46. Kg5 Rg2+ 47. Kh6 Bg6 48. Ne3 Rh2+ 49. Kg5 Rh5+ 50. Kg4 Rc5 51. f5 Bh7 52.
Kg5 b5 53. Rh1 Bxf5 54. Nxf5 c2 55. Rh7+ 0-1

[Event "4NCL/Div2/GUI3 vs. WRO"]
[Site "Wokefield Park ENG"]
[Date "2007.05.07"]
[Round "11.2"]
[White "Kaid, Almar"]
[Black "Muir, Andrew J"]
[Result "1/2-1/2"]
[WhiteElo "2276"]
[BlackElo "2350"]
[PlyCount "45"]
[EventDate "2007.05.07"]
[EventType "team"]
[EventRounds "11"]
[EventCountry "ENG"]

1. c4 e6 2. g3 d5 3. Bg2 Nf6 4. Nf3 Be7 5. d4 O-O 6. O-O dxc4 7. Qc2 a6 8. Qxc4
b5 9. Qc2 Bb7 10. Bg5 Nbd7 11. Bxf6 Nxf6 12. Nbd2 Rc8 13. Nb3 c5 14. dxc5 Be4
15. Qc3 Bd5 16. Rac1 Ne4 17. Qe3 a5 18. Nfd4 Nxc5 19. Nxc5 Rxc5 20. Nxe6 Bxe6
21. Rxc5 Bxc5 22. Qxc5 Bc4 23. Bf3 1/2-1/2

[Event "4NCL/Div2/GUI3 vs. WRO"]
[Site "Wokefield Park ENG"]
[Date "2007.05.07"]
[Round "11.3"]
[White "Tymrakiewicz, Rafal"]
[Black "Yepes, Eduardo"]
[Result "1-0"]
[WhiteElo "2238"]
[BlackElo "2291"]
[PlyCount "49"]
[EventDate "2007.05.07"]
[EventType "team"]
[EventRounds "11"]
[EventCountry "ENG"]

1. d4 f5 2. Bg5 g6 3. Nc3 Bg7 4. h4 Nc6 5. Nf3 d6 6. e3 h6 7. Bf4 e5 8. dxe5
Nxe5 9. Bxe5 dxe5 10. Qxd8+ Kxd8 11. O-O-O+ Bd7 12. Bc4 Ke8 13. Bf7+ Ke7 14.
Bxg6 c6 15. e4 f4 16. Rd3 Be8 17. Bxe8 Kxe8 18. Rhd1 Ne7 19. Rd7 b6 20. Rb7 Bf6
21. Rd6 Rf8 22. Re6 Rf7 23. Nxe5 Bxe5 24. Rxe5 Rg7 25. Ne2 1-0

[Event "4NCL/Div2/GUI3 vs. WRO"]
[Site "Wokefield Park ENG"]
[Date "2007.05.07"]
[Round "11.4"]
[White "Adams, David M"]
[Black "Richardson, Keith B"]
[Result "1/2-1/2"]
[WhiteElo "2225"]
[BlackElo "2236"]
[PlyCount "145"]
[EventDate "2007.05.07"]
[EventType "team"]
[EventRounds "11"]
[EventCountry "ENG"]

1. e4 g6 2. d4 Bg7 3. Nf3 d6 4. Bd3 Nf6 5. c3 O-O 6. O-O Nc6 7. Na3 e5 8. Re1
Re8 9. Nc2 a6 10. a4 h6 11. h3 b6 12. b4 Bb7 13. d5 Nb8 14. Ne3 Nbd7 15. Ra2
Rf8 16. Nh2 Nh5 17. g3 Ndf6 18. Neg4 Kh7 19. Qd2 Ng8 20. Qe2 Bc8 21. Kg2 a5 22.
b5 Bd7 23. c4 Qe7 24. f4 exf4 25. gxf4 Qh4 26. Qf2 Qxf2+ 27. Rxf2 Bc3 28. Ree2
Rae8 29. e5 Ng7 30. exd6 cxd6 31. Ba3 Bf5 32. Bc2 Bb4 33. Bxb4 axb4 34. Ne3
Be4+ 35. Kg1 Nf6 36. Nhg4 Ngh5 37. f5 g5 38. Bxe4 Nxe4 39. Rf3 Nc3 40. Rb2 Nxa4
41. Rxb4 Nc5 42. f6 Nf4 43. Nf5 Re1+ 44. Kh2 Ra8 45. Rb2 Raa1 46. Nf2 Ne4 47.
Nxe4 Rh1+ 48. Kg3 Rag1+ 49. Kf2 Rg2+ 50. Ke3 Re1+ 51. Kd4 Rxb2 52. Nfxd6 Rd1+
53. Kc3 Ra2 54. Nxf7 Ne2+ 55. Kb4 Rda1 56. Nfxg5+ hxg5 57. Nxg5+ Kg6 58. f7
Ra4+ 59. Kb3 R1a3+ 60. Kb2 Rxf3 61. Nxf3 Kxf7 62. Kb3 Ra1 63. Kb2 Ra8 64. Kb3
Nf4 65. c5 Nxd5 66. Kc4 Ne3+ 67. Kd4 Nc2+ 68. Kd5 bxc5 69. b6 Nd4 70. Ne5+ Ke7
71. b7 Rb8 72. Kxc5 Ne6+ 73. Kb6 1/2-1/2

[Event "4NCL/Div2/GUI3 vs. WRO"]
[Site "Wokefield Park ENG"]
[Date "2007.05.07"]
[Round "11.5"]
[White "Anderton, Matthew N"]
[Black "Gayson, Peter M"]
[Result "0-1"]
[WhiteElo "2225"]
[BlackElo "2235"]
[PlyCount "128"]
[EventDate "2007.05.07"]
[EventType "team"]
[EventRounds "11"]
[EventCountry "ENG"]

1. e4 c5 2. Nf3 e6 3. c3 d5 4. exd5 exd5 5. d4 Nf6 6. Be3 cxd4 7. Bxd4 Be7 8.
Bd3 Nc6 9. Nbd2 Bg4 10. Qc2 Nxd4 11. Nxd4 Bc5 12. O-O Bxd4 13. Qa4+ Bd7 14.
Rfe1+ Kf8 15. Qxd4 Be6 16. Nf3 Qd6 17. Ng5 b6 18. Re3 Re8 19. Rae1 Bd7 20. Ne4
Nxe4 21. Bxe4 Bc6 22. Bxd5 Rxe3 23. Qxe3 Bd7 24. Bb3 Bc6 25. Rd1 Qe7 26. Qf4 g5
27. Qf5 Kg7 28. h3 Be4 29. Qd7 Re8 30. Qxe7 Rxe7 31. Re1 Kf6 32. f3 Bc6 33.
Rxe7 Kxe7 34. Kf2 f5 35. g3 f4 36. gxf4 gxf4 37. Bc2 h6 38. Bg6 Kf6 39. Bh7 Kg5
40. Bg8 Bd7 41. Kg2 Kh4 42. Bd5 Bxh3+ 43. Kf2 Kg5 44. Bc4 Kf6 45. b3 Bf5 46.
Kg2 Ke5 47. Kh2 Bb1 48. a4 Bc2 49. Bf7 Bd1 50. Kg2 a5 51. Kf2 Kf6 52. Bd5 h5
53. Kg2 Ke5 54. Bf7 h4 55. Bc4 h3+ 56. Kxh3 Bxf3 57. Bb5 Bd1 58. b4 Ke4 59.
bxa5 bxa5 60. Kg2 Ke3 61. Kf1 f3 62. Ke1 Bc2 63. Kf1 Bf5 64. Kg1 Bg4 0-1

[Event "4NCL/Div2/GUI3 vs. WRO"]
[Site "Wokefield Park ENG"]
[Date "2007.05.07"]
[Round "11.6"]
[White "Barrett, Steve J"]
[Black "Dekker, Alain"]
[Result "1-0"]
[WhiteElo "2200"]
[BlackElo "2137"]
[PlyCount "55"]
[EventDate "2007.05.07"]
[EventType "team"]
[EventRounds "11"]
[EventCountry "ENG"]

1. d4 f5 2. c4 Nf6 3. g3 e6 4. Bg2 Be7 5. Nf3 O-O 6. O-O d6 7. Nc3 Qe8 8. Qc2
Qg6 9. b3 Nbd7 10. Bb2 Qh6 11. e4 f4 12. Rae1 fxg3 13. fxg3 e5 14. Nd5 Bd8 15.
dxe5 dxe5 16. Bxe5 Ng4 17. Bd4 c6 18. Ne3 Nde5 19. Nxg4 Nxg4 20. h3 Nf6 21. g4
Ne8 22. Be3 Qg6 23. Nd4 Rxf1+ 24. Rxf1 Bf6 25. Nf5 h5 26. e5 Bxe5 27. Ne7+ Kh8
28. Nxg6+ 1-0

[Event "4NCL/Div2/GUI3 vs. WRO"]
[Site "Wokefield Park ENG"]
[Date "2007.05.07"]
[Round "11.7"]
[White "Horton, Justin"]
[Black "Faulks, Nick"]
[Result "1-0"]
[WhiteElo "2140"]
[BlackElo "2094"]
[PlyCount "69"]
[EventDate "2007.05.07"]
[EventType "team"]
[EventRounds "11"]
[EventCountry "ENG"]

1. Nf3 Nf6 2. c4 c5 3. Nc3 Nc6 4. g3 d5 5. d4 cxd4 6. Nxd4 Nxd4 7. Qxd4 dxc4 8.
Qxd8+ Kxd8 9. Bg2 e6 10. Bf4 Bc5 11. O-O Ke7 12. Rac1 Rd8 13. Na4 Bd4 14. e3 e5
15. Bg5 Bb6 16. Rxc4 Be6 17. Nxb6 axb6 18. Rc7+ Rd7 19. Rxd7+ Bxd7 20. a3 Bc6
21. Rc1 Kd6 22. Bxf6 gxf6 23. Rc4 Ra4 24. Rxa4 Bxa4 25. Bxb7 Kc5 26. Be4 h6 27.
Bd3 Kd5 28. Kf1 e4 29. Ba6 Kc5 30. Ke1 b5 31. Bb7 Bc2 32. Kd2 Bd3 33. Kc3 Bb1
34. b4+ Kd6 35. Kd4 1-0

[Event "4NCL/Div2/GUI3 vs. WRO"]
[Site "Wokefield Park ENG"]
[Date "2007.05.07"]
[Round "11.8"]
[White "Kharam, Irene"]
[Black "Morris, Claire H"]
[Result "1-0"]
[WhiteElo "2000"]
[BlackElo "1880"]
[PlyCount "121"]
[EventDate "2007.05.07"]
[EventType "team"]
[EventRounds "11"]
[EventCountry "ENG"]

1. d4 Nf6 2. c4 g6 3. Nc3 Bg7 4. e4 d6 5. f3 Nbd7 6. Nh3 c5 7. d5 a6 8. Be3 Qa5
9. Qd2 Ne5 10. Nf2 Bd7 11. Be2 b5 12. cxb5 axb5 13. O-O h5 14. a3 b4 15. axb4
Qxa1 16. Rxa1 Rxa1+ 17. Ncd1 cxb4 18. Qxb4 O-O 19. h3 Rc8 20. f4 Nc4 21. Bxc4
Ra4 22. Qb7 Raxc4 23. e5 R8c7 24. Qa8+ Rc8 25. Qa5 dxe5 26. fxe5 Ne8 27. Nd3
Bf5 28. N1f2 Bxd3 29. Nxd3 Re4 30. Bf4 Rxf4 31. Nxf4 Bxe5 32. Nd3 Bd4+ 33. Kf1
Nd6 34. g4 hxg4 35. hxg4 Rb8 36. Qc7 Rb7 37. Qd8+ Kg7 38. b4 Bc3 39. Nc5 Ra7
40. Nd7 Ra1+ 41. Ke2 Bxb4 42. Qf8+ Kh7 43. g5 Rh1 44. Kf3 Re1 45. Qh6+ Kg8 46.
Nf8 e6 47. dxe6 fxe6 48. Nxg6 Nf5 49. Qh8+ Kf7 50. Qf6+ Kg8 51. Nf4 Rf1+ 52.
Kg4 Ng7 53. g6 Bd6 54. Qd8+ Bf8 55. Qd3 Rg1+ 56. Kf3 Re1 57. Kf2 Re5 58. Qd8
Rf5 59. Ke3 Rb5 60. Qd7 Rf5 61. Nxe6 1-0

[Event "4NCL/Div2/CAMB1 vs. OXF1"]
[Site "Wokefield Park ENG"]
[Date "2007.05.07"]
[Round "11.1"]
[White "Rajlich, Iweta"]
[Black "White, Michael J R"]
[Result "1/2-1/2"]
[WhiteElo "2392"]
[BlackElo "2260"]
[PlyCount "97"]
[EventDate "2007.05.07"]
[EventType "team"]
[EventRounds "11"]
[EventCountry "ENG"]

1. d4 Nf6 2. c4 c5 3. d5 b5 4. Nf3 g6 5. Qc2 bxc4 6. e4 Bg7 7. Na3 c3 8. Qxc3
O-O 9. Qc2 Bb7 10. Bg5 Nxe4 11. Qxe4 Bxb2 12. Rb1 Qa5+ 13. Bd2 Qxa3 14. Qc2
Bxd5 15. Qxb2 Qxa2 16. Qxa2 Bxa2 17. Rb7 Rc8 18. Ne5 Bd5 19. Rb2 Be6 20. Be2 f6
21. Bf3 d5 22. Nd3 g5 23. O-O Nd7 24. Re1 Bf7 25. Rb7 e5 26. Rxd7 e4 27. Bg4
exd3 28. Bf5 c4 29. Bc3 Re8 30. Kf1 Rxe1+ 31. Kxe1 Re8+ 32. Kd1 Kg7 33. Rd6 Re2
34. Bxf6+ Kf8 35. Rd8+ Be8 36. Bd7 Kf7 37. Rxe8 Rxe8 38. Bxe8+ Kxf6 39. Kd2 Ke5
40. Kc3 a5 41. Ba4 h6 42. Bd1 h5 43. h3 Ke4 44. Bf3+ Ke5 45. Bd1 h4 46. Ba4 Ke4
47. Bd1 Ke5 48. Ba4 Ke4 49. Bd1 1/2-1/2

[Event "4NCL/Div2/CAMB1 vs. OXF1"]
[Site "Wokefield Park ENG"]
[Date "2007.05.07"]
[Round "11.2"]
[White "Boytsun, Olena"]
[Black "Pinter, Gabor"]
[Result "0-1"]
[WhiteElo "2281"]
[BlackElo "2366"]
[PlyCount "82"]
[EventDate "2007.05.07"]
[EventType "team"]
[EventRounds "11"]
[EventCountry "ENG"]

1. d4 d5 2. c4 c6 3. Nc3 Nf6 4. Bg5 Nbd7 5. Nf3 Ne4 6. Nxe4 dxe4 7. Nd2 Qa5 8.
Be3 e5 9. Qb3 f5 10. dxe5 Qxe5 11. f4 Qf6 12. O-O-O Nc5 13. Qc2 h5 14. Nb3 Ne6
15. c5 Be7 16. Bd4 Nxd4 17. Nxd4 Be6 18. e3 O-O-O 19. b4 Bd5 20. Qa4 Kb8 21.
Be2 Qf7 22. Rd2 Bc4 23. Bxc4 Qxc4+ 24. Rc2 Qd3 25. Re1 Bf6 26. Nxf5 Bc3 27. Rh1
Rhf8 28. Nd6 Qxe3+ 29. Kb1 Rxf4 30. b5 Qxc5 31. Nxb7 Kxb7 32. Qa6+ Ka8 33.
Qxc6+ Qxc6 34. bxc6 Be5 35. Re1 Kb8 36. Rc4 Rd4 37. Rc5 Bd6 38. Rxh5 Kc7 39.
Rh7 Be5 40. Rh5 Rd5 41. Re2 Rb5+ 0-1

[Event "4NCL/Div2/CAMB1 vs. OXF1"]
[Site "Wokefield Park ENG"]
[Date "2007.05.07"]
[Round "11.3"]
[White "Dearing, Eddie"]
[Black "Savage, Ben D"]
[Result "1/2-1/2"]
[WhiteElo "2384"]
[BlackElo "2332"]
[PlyCount "161"]
[EventDate "2007.05.07"]
[EventType "team"]
[EventRounds "11"]
[EventCountry "ENG"]

1. d4 d5 2. c4 dxc4 3. Nf3 Nf6 4. Nc3 a6 5. e4 b5 6. e5 Nd5 7. a4 Nxc3 8. bxc3
Qd5 9. g3 Bb7 10. Bg2 Qd7 11. Ba3 Bd5 12. O-O Nc6 13. Re1 Rb8 14. axb5 axb5 15.
e6 fxe6 16. Bh3 g6 17. Ng5 Nd8 18. Qg4 Bh6 19. Ne4 Bg7 20. Qh4 Ra8 21. Nc5 Bf6
22. Qg4 Qc6 23. Bb4 O-O 24. Rxa8 Qxa8 25. Qf4 Qa2 26. Qe3 Rf7 27. Re2 Qb1+ 28.
Re1 Qa2 29. Re2 Qb1+ 30. Re1 Qa2 31. Bg4 Bg5 32. Qe2 Qxe2 33. Rxe2 Bf6 34. Nxe6
Nxe6 35. Bxe6 Bxe6 36. Rxe6 Rf8 37. f4 Kf7 38. Rc6 Rc8 39. Kg2 Ke8 40. Kf3 Kd7
41. d5 Ra8 42. Rc5 Bxc3 43. Rxb5 Bd4 44. Ke4 Bb6 45. Bc5 Bxc5 46. Rxc5 Ra2 47.
Rxc4 Rxh2 48. g4 Rh4 49. g5 Rh1 50. Rc2 Re1+ 51. Kd4 e6 52. dxe6+ Rxe6 53. Rh2
Re7 54. Kd5 c6+ 55. Kc5 Rf7 56. Re2 Kc7 57. Rf2 Rf5+ 58. Kd4 c5+ 59. Kc4 Kc6
60. Rf3 Rd5 61. Rf1 Kd6 62. Kb5 Rd4 63. f5 Rb4+ 64. Ka5 gxf5 65. Rxf5 Rb7 66.
Ka4 Kc6 67. Ka3 Kb5 68. Kb3 Re7 69. Rf4 Re3+ 70. Kc2 Rh3 71. Rg4 Rf3 72. g6
hxg6 73. Rxg6 Kb4 74. Rg4+ c4 75. Rg2 Ra3 76. Rg1 Ra2+ 77. Kb1 Rf2 78. Rg3 Rd2
79. Kc1 Re2 80. Rh3 c3 81. Rh8 1/2-1/2

[Event "4NCL/Div2/CAMB1 vs. OXF1"]
[Site "Wokefield Park ENG"]
[Date "2007.05.07"]
[Round "11.4"]
[White "Ozeren, Kemal"]
[Black "Mah, Karl C C"]
[Result "1-0"]
[WhiteElo "2310"]
[BlackElo "2418"]
[PlyCount "91"]
[EventDate "2007.05.07"]
[EventType "team"]
[EventRounds "11"]
[EventCountry "ENG"]

1. d4 Nf6 2. Nf3 e6 3. e3 b6 4. Bd3 Bb7 5. O-O d5 6. c4 Nbd7 7. Nc3 a6 8. cxd5
exd5 9. b3 Bd6 10. Bb2 O-O 11. Rc1 Ne4 12. Ne2 Qe7 13. Qc2 Rac8 14. Ng3 f5 15.
Qe2 Ra8 16. Qc2 c6 17. Rfe1 a5 18. a4 g5 19. Qe2 g4 20. Bxe4 fxe4 21. Ne5 Nxe5
22. dxe5 Bxe5 23. Qxg4+ Kh8 24. Bxe5+ Qxe5 25. f4 exf3 26. gxf3 Rg8 27. Qd4
Rae8 28. f4 Qxd4 29. exd4 Kg7 30. Kf2 Kf6 31. Re5 Rxe5 32. dxe5+ Ke6 33. Re1
Ba6 34. f5+ Ke7 35. Nh5 Rf8 36. f6+ Ke6 37. Ng7+ Kf7 38. e6+ Kxf6 39. e7 Kxg7+
40. exf8=Q+ Kxf8 41. Re6 Bb7 42. Rh6 Ke8 43. Rxh7 Bc8 44. h4 d4 45. Rh8+ Kd7
46. Rxc8 1-0

[Event "4NCL/Div2/CAMB1 vs. OXF1"]
[Site "Wokefield Park ENG"]
[Date "2007.05.07"]
[Round "11.5"]
[White "Bekker-Jensen, David"]
[Black "Milovanovic, Aleksander"]
[Result "1-0"]
[WhiteElo "2299"]
[BlackElo "2258"]
[PlyCount "59"]
[EventDate "2007.05.07"]
[EventType "team"]
[EventRounds "11"]
[EventCountry "ENG"]

1. d4 d5 2. c4 e6 3. Nc3 c5 4. cxd5 exd5 5. Nf3 Nc6 6. g3 Nf6 7. Bg2 Be7 8. O-O
O-O 9. Bg5 c4 10. Ne5 Be6 11. e3 Nd7 12. Nxc6 bxc6 13. Bxe7 Qxe7 14. b3 Nb6 15.
bxc4 Nxc4 16. Qa4 Rfc8 17. Rfc1 Rab8 18. Rab1 Rb6 19. e4 Nb2 20. Qc2 Qa3 21.
Nxd5 Bxd5 22. exd5 Nd3 23. Rxb6 axb6 24. Rd1 Nb4 25. Qf5 Rf8 26. dxc6 Qa4 27.
Qb1 Nxc6 28. d5 Rd8 29. Re1 Nb4 30. Re4 1-0

[Event "4NCL/Div2/CAMB1 vs. OXF1"]
[Site "Wokefield Park ENG"]
[Date "2007.05.07"]
[Round "11.6"]
[White "Eckersley-Waites, Tom"]
[Black "Moskovic, David M"]
[Result "0-1"]
[WhiteElo "2175"]
[BlackElo "2286"]
[PlyCount "84"]
[EventDate "2007.05.07"]
[EventType "team"]
[EventRounds "11"]
[EventCountry "ENG"]

1. e4 c5 2. Nf3 d6 3. Bb5+ Bd7 4. Bxd7+ Qxd7 5. O-O Nf6 6. Qe2 Nc6 7. c3 e6 8.
d4 cxd4 9. cxd4 d5 10. e5 Ne4 11. Rd1 Be7 12. Ne1 f6 13. f3 Ng5 14. Be3 O-O 15.
Nd3 Nf7 16. Bf2 fxe5 17. dxe5 b6 18. Nc3 Rac8 19. Rac1 Nb4 20. Ne1 Nh6 21. a3
Nc6 22. g4 Qe8 23. Nd3 Na5 24. Rf1 Nb3 25. Rcd1 Rc4 26. Qc2 Nd4 27. Bxd4 Rxd4
28. b3 Nxg4 29. fxg4 Rxg4+ 30. Kh1 Qc6 31. h3 d4+ 32. Kh2 Rxf1 33. Rxf1 Rg5 34.
Rf4 dxc3 35. Qe2 b5 36. a4 b4 37. Qf2 Qd5 38. Rd4 Rg2+ 39. Qxg2 Qxd4 40. Qa8+
Bf8 41. Qf3 c2 42. Qe2 Qxd3 0-1

[Event "4NCL/Div2/CAMB1 vs. OXF1"]
[Site "Wokefield Park ENG"]
[Date "2007.05.07"]
[Round "11.7"]
[White "Alfred, Nathan S W"]
[Black "Smallbone, Kieran"]
[Result "1-0"]
[WhiteElo "2307"]
[BlackElo "2223"]
[PlyCount "33"]
[EventDate "2007.05.07"]
[EventType "team"]
[EventRounds "11"]
[EventCountry "ENG"]

1. d4 d5 2. c4 c6 3. Nf3 Nf6 4. Qc2 dxc4 5. Qxc4 Bf5 6. g3 e6 7. Bg2 Nbd7 8.
O-O Be7 9. e3 O-O 10. Nc3 Rc8 11. Qe2 Ne4 12. Nd2 Nxd2 13. Bxd2 e5 14. d5 cxd5
15. Nxd5 Rc2 16. Rfc1 Rxb2 17. Rc8 1-0

[Event "4NCL/Div2/CAMB1 vs. OXF1"]
[Site "Wokefield Park ENG"]
[Date "2007.05.07"]
[Round "11.8"]
[White "Shaw, David A"]
[Black "Eckersley-Waites, Adam"]
[Result "1/2-1/2"]
[WhiteElo "2210"]
[BlackElo "2159"]
[PlyCount "93"]
[EventDate "2007.05.07"]
[EventType "team"]
[EventRounds "11"]
[EventCountry "ENG"]

1. e4 c5 2. Nf3 d6 3. d4 cxd4 4. Nxd4 Nf6 5. Nc3 g6 6. f3 Bg7 7. Be3 Nc6 8. Qd2
O-O 9. Bc4 Bd7 10. Bb3 Rc8 11. O-O-O Ne5 12. Kb1 Re8 13. h4 h5 14. Bg5 Rc5 15.
Rhe1 Qa5 16. f4 Nc4 17. Bxc4 Rxc4 18. Bxf6 Bxf6 19. Nd5 Qxd2 20. Nxf6+ exf6 21.
Rxd2 f5 22. b3 Rc5 23. Rde2 fxe4 24. Rxe4 Rxe4 25. Rxe4 Kg7 26. Re7 Bc8 27. Kc1
Kf6 28. Re3 b5 29. b4 Rc4 30. c3 Bd7 31. Kd2 a5 32. a3 axb4 33. axb4 Rc7 34.
Rg3 Rb7 35. Rg5 Ke7 36. f5 Be8 37. Kd3 Kf6 38. Ke4 Rc7 39. Kd3 Rb7 40. Ne2 Re7
41. fxg6 fxg6 42. Nf4 Rb7 43. c4 bxc4+ 44. Kxc4 Rc7+ 45. Kd5 Bf7+ 46. Kxd6 Rc4
47. g3 1/2-1/2

[Event "4NCL/Div2/WWKS1 vs. HKF2"]
[Site "Wokefield Park ENG"]
[Date "2007.05.07"]
[Round "11.1"]
[White "Thomas, Nicholas"]
[Black "Crouch, Colin"]
[Result "1/2-1/2"]
[WhiteElo "2279"]
[BlackElo "2373"]
[PlyCount "27"]
[EventDate "2007.05.07"]
[EventType "team"]
[EventRounds "11"]
[EventCountry "ENG"]

1. e4 c5 2. c3 d6 3. d4 Nf6 4. Bd3 Nc6 5. Nf3 cxd4 6. cxd4 e5 7. d5 Ne7 8. Nc3
Ng6 9. Qa4+ Bd7 10. Qb4 Qb8 11. a4 Be7 12. Ra3 O-O 13. Rb3 b6 14. Bg5 1/2-1/2

[Event "4NCL/Div2/WWKS1 vs. HKF2"]
[Site "Wokefield Park ENG"]
[Date "2007.05.07"]
[Round "11.2"]
[White "Broomfield, Matthew"]
[Black "Pitcher, John"]
[Result "1-0"]
[WhiteElo "2348"]
[BlackElo "2192"]
[PlyCount "103"]
[EventDate "2007.05.07"]
[EventType "team"]
[EventRounds "11"]
[EventCountry "ENG"]

1. d4 d5 2. c4 c6 3. Nf3 Nf6 4. e3 a6 5. Bd3 Bg4 6. cxd5 cxd5 7. Qb3 Qc7 8. Nc3
Bxf3 9. gxf3 e6 10. Bd2 Nc6 11. Rc1 Be7 12. Na4 Nd7 13. f4 O-O 14. a3 Rac8 15.
Qc2 h6 16. b4 b5 17. Nc5 Nxc5 18. dxc5 Bf6 19. a4 Rb8 20. axb5 axb5 21. O-O
Rfe8 22. Rfe1 e5 23. fxe5 Nxe5 24. Be2 Nc4 25. Bc3 Be5 26. Bxe5 Rxe5 27. Rcd1
Qe7 28. Bf3 Qe6 29. Rd4 Qh3 30. Qe2 Qe6 31. Kh1 Kh8 32. Red1 Rd8 33. e4 Qf6 34.
Rxd5 Rde8 35. Bg2 R5e7 36. h3 Qc3 37. Qe1 Qb2 38. c6 Qf6 39. Rxb5 Qxc6 40. Rc5
Qe6 41. Qc3 Nd6 42. f3 f6 43. Rcd5 Nf7 44. b5 Rc8 45. Qb4 Rb7 46. f4 Rcb8 47.
Rc1 Qe8 48. Rcc5 Rb6 49. Bf1 Qe6 50. Kh2 g5 51. f5 Qe7 52. Rc8+ 1-0

[Event "4NCL/Div2/WWKS1 vs. HKF2"]
[Site "Wokefield Park ENG"]
[Date "2007.05.07"]
[Round "11.3"]
[White "Mason, Don"]
[Black "Lindner, Daniel"]
[Result "1/2-1/2"]
[WhiteElo "2252"]
[BlackElo "2253"]
[PlyCount "51"]
[EventDate "2007.05.07"]
[EventType "team"]
[EventRounds "11"]
[EventCountry "ENG"]

1. e4 e5 2. Nf3 Nc6 3. Bb5 f5 4. Nc3 fxe4 5. Nxe4 d5 6. Nxe5 dxe4 7. Nxc6 Qg5
8. Qe2 Nf6 9. Ne5+ c6 10. f4 Qxf4 11. d4 Qh4+ 12. g3 Qh3 13. Bc4 Be6 14. Bg5
Be7 15. O-O-O O-O-O 16. g4 Bd5 17. Rhg1 h6 18. Bxd5 hxg5 19. Be6+ Kc7 20. Nf7
Qxh2 21. Qxh2+ Rxh2 22. Nxd8 Kxd8 23. d5 Kc7 24. dxc6 bxc6 25. Rg3 Bd6 26. Rgg1
1/2-1/2

[Event "4NCL/Div2/WWKS1 vs. HKF2"]
[Site "Wokefield Park ENG"]
[Date "2007.05.07"]
[Round "11.4"]
[White "Britton, Richard L"]
[Black "Fishburne, Stewart K"]
[Result "1-0"]
[WhiteElo "2251"]
[BlackElo "2200"]
[PlyCount "107"]
[EventDate "2007.05.07"]
[EventType "team"]
[EventRounds "11"]
[EventCountry "ENG"]

1. e4 g6 2. d4 Bg7 3. Nc3 d6 4. f4 Nf6 5. Nf3 O-O 6. Bd3 Nc6 7. e5 dxe5 8. dxe5
Nd5 9. Bd2 Ncb4 10. Be4 Nxc3 11. Bxc3 Qxd1+ 12. Rxd1 Na6 13. Bd4 c6 14. c4 Bg4
15. h3 Bxf3 16. Bxf3 f6 17. O-O fxe5 18. fxe5 Rad8 19. b3 Nb8 20. Bxa7 Bxe5 21.
Bb6 Rxd1 22. Rxd1 Bd6 23. Bg4 Na6 24. Bd4 Rf4 25. Be6+ Kf8 26. Rf1 Rxf1+ 27.
Kxf1 c5 28. Be3 Kg7 29. a3 b6 30. Ke2 Nc7 31. Bd7 Kf6 32. Kd3 Ne6 33. Bxe6 Kxe6
34. Ke4 Kd7 35. Bd2 e6 36. b4 Bg3 37. b5 Bc7 38. a4 Ke7 39. g4 Ke8 40. Be3 Kd7
41. a5 bxa5 42. Bxc5 Bd6 43. Bb6 a4 44. c5 Bg3 45. Kd4 Kc8 46. Kc4 Be1 47. c6
Kb8 48. Bd4 Bg3 49. Kb4 e5 50. Bc5 e4 51. Kxa4 Bf4 52. b6 e3 53. Kb5 e2 54. Bf2
1-0

[Event "4NCL/Div2/WWKS1 vs. HKF2"]
[Site "Wokefield Park ENG"]
[Date "2007.05.07"]
[Round "11.5"]
[White "Baruch, Andrew J D"]
[Black "Andersson, Christin"]
[Result "1/2-1/2"]
[WhiteElo "2084"]
[BlackElo "2224"]
[PlyCount "61"]
[EventDate "2007.05.07"]
[EventType "team"]
[EventRounds "11"]
[EventCountry "ENG"]

1. g3 e5 2. c4 Nf6 3. Bg2 d5 4. cxd5 Nxd5 5. Nc3 Nxc3 6. bxc3 Bd6 7. Nf3 Nc6 8.
Rb1 O-O 9. O-O Rb8 10. d4 exd4 11. cxd4 Bf5 12. Ra1 Qe7 13. Nh4 Bg4 14. f3 Bd7
15. d5 Nd4 16. e3 Nb5 17. Qd3 Qf6 18. Rb1 Qc3 19. Rd1 g5 20. a4 Qxd3 21. Rxd3
gxh4 22. gxh4 Bc5 23. axb5 Bf5 24. Rc3 Bxb1 25. Rxc5 Rfc8 26. e4 f5 27. Bh3
fxe4 28. Bxc8 Rxc8 29. d6 exf3 30. Kf2 Kf7 31. d7 1/2-1/2

[Event "4NCL/Div2/WWKS1 vs. HKF2"]
[Site "Wokefield Park ENG"]
[Date "2007.05.07"]
[Round "11.6"]
[White "McFarland, Robert S"]
[Black "Fallowfield, Jeremy"]
[Result "1-0"]
[WhiteElo "2233"]
[BlackElo "2060"]
[PlyCount "37"]
[EventDate "2007.05.07"]
[EventType "team"]
[EventRounds "11"]
[EventCountry "ENG"]

1. Nf3 d6 2. d4 f5 3. g3 Nf6 4. b3 g6 5. Bb2 Bg7 6. Bg2 O-O 7. O-O Qe8 8. Nbd2
Nc6 9. Nc4 Ne4 10. e3 h6 11. a3 g5 12. d5 Bxb2 13. Nxb2 Nd8 14. c4 c5 15. Nd2
Nxd2 16. Qxd2 Qh5 17. f4 Rb8 18. b4 b6 19. Nd3 1-0

[Event "4NCL/Div2/WWKS1 vs. HKF2"]
[Site "Wokefield Park ENG"]
[Date "2007.05.07"]
[Round "11.7"]
[White "Fallowfield, Nicholas"]
[Black "Hagesaether, Arne"]
[Result "0-1"]
[WhiteElo "1980"]
[BlackElo "2148"]
[PlyCount "76"]
[EventDate "2007.05.07"]
[EventType "team"]
[EventRounds "11"]
[EventCountry "ENG"]

1. Nf3 d5 2. c4 c6 3. g3 Nf6 4. Bg2 e6 5. O-O Be7 6. b3 Nbd7 7. Bb2 O-O 8. Nc3
a6 9. Rc1 b5 10. cxd5 exd5 11. d4 Re8 12. e3 Bb7 13. Ne2 Qb6 14. Nf4 Ne4 15.
Nd3 a5 16. Nfe5 Ndf6 17. f3 Nd6 18. Nc5 Rac8 19. Qd3 Rc7 20. Rf2 Bc8 21. g4 Nb7
22. Nxb7 Bxb7 23. g5 Nd7 24. Nxd7 Rxd7 25. h4 Bd6 26. f4 Rde7 27. Rf3 b4 28.
Bf1 Bc8 29. Kf2 Re4 30. Bh3 Bxh3 31. Rxh3 Qc7 32. Rf3 Qd7 33. Qf1 Qe6 34. Rxc6
Rxe3 35. Kg2 Re2+ 36. Rf2 Qg4+ 37. Kh2 Rxf2+ 38. Qxf2 Re2 0-1

[Event "4NCL/Div2/WWKS1 vs. HKF2"]
[Site "Wokefield Park ENG"]
[Date "2007.05.07"]
[Round "11.8"]
[White "Wilson, Alexandra"]
[Black "Hale, Katie L W"]
[Result "1-0"]
[WhiteElo "2034"]
[BlackElo "1830"]
[PlyCount "103"]
[EventDate "2007.05.07"]
[EventType "team"]
[EventRounds "11"]
[EventCountry "ENG"]

1. e4 e6 2. d4 d5 3. e5 c5 4. c3 Nc6 5. Nf3 Qb6 6. a3 a5 7. Bd3 Bd7 8. Bc2 Rc8
9. O-O f6 10. Re1 cxd4 11. cxd4 fxe5 12. Nxe5 Nxe5 13. Rxe5 Bd6 14. Rg5 g6 15.
Nc3 Ne7 16. h4 Nc6 17. Rg4 Rf8 18. h5 gxh5 19. Rh4 Be7 20. Qxh5+ Kd8 21. Na4
Qb5 22. Bg5 Nxd4 23. Bxe7+ Kxe7 24. Qg5+ Kd6 25. Qg3+ e5 26. Rxd4 Rxc2 27. Re1
Rf5 28. Nc3 Qxb2 29. Rxd5+ Kc6 30. Nd1 Rc1 31. Qe3 Qa1 32. Qd3 Bc8 33. Qb5+ Kc7
34. Qxa5+ Kb8 35. Qb4 Qa2 36. Qd6+ Rc7 37. Rd2 Qf7 38. Ne3 Rf6 39. Qxe5 Re6 40.
Qh2 Ka8 41. Rd5 Rcc6 42. Ra5+ Ra6 43. Rxa6+ Rxa6 44. Rc1 Bd7 45. Qh4 Bc6 46.
Qd8+ Ka7 47. Qd4+ Ka8 48. Qc5 Ra4 49. Rd1 Qc7 50. Nd5 Qa5 51. Nb6+ Ka7 52.
Nxa4+ 1-0